=LDR 00000nam 2200000 4500 =001 INLIS000000000048324 =005 20201221095719 =035 ##$$a 0010-101600000000082 =008 201221################g##########0#ind## =020 ##$$a 0-945971-03-6 =040 ##$$a NBPDMAT =082 ##$$a 306.059 862 =090 ##$$a 306.059 862$bFre b =100 ##$$a Fred B Eiseman =245 1#$$a Bali sekala and niskala volume 1 : $b Essays on religion, ritual and art /$c Fred B Eiseman, JR =250 ##$$a Cet. 5 =260 ##$$a Bali :$b Penipulus;,$c 2000 =300 ##$$a xv, 376 hlm. ; $c 23 cm =650 #4$$a Kebudayaan Bali =850 ##$$a NBPDMAT =084 ##$$a 306.059 862 FRE b =990 ##$$a 31600017